000 01393naa a22003617a 4500
001 BR9401247
003 BR-BrBNA
005 20240918181124.0
007 ta
008 230509b bl.||||| |||| 00| 0 por d
040 _aBR-BrBNA
_bpor
_cBiblioteca Nacional de Agricultura
041 _a(Pt)
072 _aU10; N20
090 _aU10 BR9401247
100 1 _aInamasu, R.Y.
100 1 _aSilva, A.M. da
100 1 _aRabello, L.M.
100 1 _aCruvinel, P.E.
100 1 _aTaniwaki, K.
100 1 _aFranz, C.
100 1 _aFolle, S.M.
100 1 _aCorona Junior, N.
111 1 _a21. Congresso Brasileiro de Engenharia Agricola1. Simposio de Engenharia Agricola do Cone Sul
_cSanta Maria, RS (Brazil)
_d27-31 Jul 1992
245 1 _aColetor de dados para medir desempenho de tratores e implementos
260 3 _aSanta Maria, RS (Brasil):
_c1992.
500 _a21. Congresso Brasileiro de Engenharia Agricola e 1. Simposio de Engenharia Agricola do Cone Sul Santa Maria, RS (Brasil): 1992. v. 3 p. 1777-1789 (BR9401247-AM)U10
650 _aTrator
650 _aImplemento Agricola
650 _aProcessamento da Informacao
773 0 _t21. Congresso Brasileiro de Engenharia Agricola e 1. Simposio de Engenharia Agricola do Cone Sul
_wU10 BR9401247
_gSanta Maria, RS (Brasil), 1992. v. 3 p. 1777-1789
909 _a202404
_bLucia
_c55
_dLucia Elande
942 _cAM
_2AGRIS
999 _c323688
_d323688